书目信息 |
| 题名: |
一生的情
|
|
| 作者: | 张健鹏 , 胡足青 主编 | |
| 分册: | ||
| 出版信息: | 北京 当代世界出版社 2005 |
|
| 页数: | 268页 | |
| 开本: | 23cm | |
| 丛书名: | 小中见大真情文丛 | |
| 单 册: | ||
| 中图分类: | C913.1-49 | |
| 科图分类: | ||
| 主题词: | 爱情--ai qing--通俗读物 | |
| 电子资源: | ||
| ISBN: | 7-80115-945-4 | |
| 000 | 01207nam0 2200337 450 | |
| 000 | 01170nam0 2200325 450 | |
| 000 | 01177nam0 2200337 450 | |
| 000 | 01123nam0 2200313 450 | |
| 000 | 01208nam0 2200337 450 | |
| 000 | 01171oam2 2200325 450 | |
| 001 | 012006000794 | |
| 005 | 20061030162907.39 | |
| 010 | @a7-80115-945-4@dCNY23.00 | |
| 100 | @a20060106d2005 em y0chiy0121 ea | |
| 101 | 0 | @achi |
| 102 | @aCN@b110000 | |
| 105 | @ay z 000yy | |
| 200 | 1 | @a一生的情@Ayi sheng de qing@e爱情岁月的50个浪漫情结@f张健鹏, 胡足青主编 |
| 210 | @a北京@c当代世界出版社@d2005 | |
| 215 | @a268页@d23cm | |
| 225 | 2 | @a小中见大真情文丛@Axiao zhong jian da zhen qing wen cong@v2 |
| 330 | @a本书汇集了爱情岁月的50个浪漫情结的小故事, 并通过对其蕴含的哲理、寓意点评的形式, 揭示了天下有情人爱情中的真挚情感。 | |
| 410 | 0 | @12001 @a小中见大真情文丛 |
| 517 | 1 | @a爱情岁月的50个浪漫情结@Aai qing sui yue de 50 ge lang man qing jie |
| 606 | 0 | @a爱情@Aai qing@j通俗读物 |
| 690 | @aC913.1-49@v4 | |
| 701 | 0 | @a张健鹏@Azhang jian peng@4主编 |
| 701 | 0 | @a胡足青@Ahu zu qing@4主编 |
| 801 | 0 | @aCN@c20061030 |
| 905 | @a10447@dC913.1-49@eZ120 | |
| 一生的情:爱情岁月的50个浪漫情结/张健鹏, 胡足青主编.-北京:当代世界出版社,2005 |
| 268页;23cm.-(小中见大真情文丛;2) |
| ISBN 7-80115-945-4:CNY23.00 |
| 本书汇集了爱情岁月的50个浪漫情结的小故事, 并通过对其蕴含的哲理、寓意点评的形式, 揭示了天下有情人爱情中的真挚情感。 |
| ● |
| 相关链接 |
|
|
|
正题名:一生的情
索取号:C913.1-49/Z120
 
预约/预借
| 序号 | 登录号 | 条形码 | 馆藏地/架位号 | 状态 | 备注 |
| 1 | 633352 | 206333528 | 社科库509/509社科库 60排9列5层/ [索取号:C913.1-49/Z120] | 在馆 | |
| 2 | 633353 | 206333537 | 社科库509/509社科库 60排9列5层/ [索取号:C913.1-49/Z120] | 在馆 | |
| 3 | 633354 | 206333546 | 社科库509/509社科库 60排9列5层/ [索取号:C913.1-49/Z120] | 在馆 |